00280pam a2200121 a 4500020000500000041000800005082001600013100002700029245004700056250001000103260003200113300001300145 c aeng a547.59bJOU aJoule JA .,eMills K . aHeterocyclic Chemistry hTextual Documents a2010. a[s.l]:bWiley And Scns LTD  a689 pg .